Joe Henderson In 'N' Around (Record n. 102324)
[ formato base ]
| 000 -LEADER | |
|---|---|
| fixed length control field | 01432njm a2200313Ia 4500 |
| 001 - CONTROL NUMBER | |
| control field | L1977 |
| 003 - CONTROL NUMBER IDENTIFIER | |
| control field | IT-RoPAU |
| 005 - DATE AND TIME OF LATEST TRANSACTION | |
| control field | 20220918181153.0 |
| 008 - FIXED-LENGTH DATA ELEMENTS--GENERAL INFORMATION | |
| fixed length control field | 131025s9999 xx 000 0 und d |
| 040 ## - CATALOGING SOURCE | |
| Original cataloging agency | IT-RoPAU |
| 040 ## - CATALOGING SOURCE | |
| Transcribing agency | IT-RoPAU |
| 041 ## - LANGUAGE CODE | |
| Language code of text/sound track or separate title | ITALIANO |
| 999 ## - SYSTEM CONTROL NUMBERS (KOHA) | |
| Koha Dewey Subclass [OBSOLETE] | n.d. |
| 100 ## - MAIN ENTRY--PERSONAL NAME | |
| Personal name | AA.VV. |
| 9 (RLIN) | 794 |
| 100 ## - MAIN ENTRY--PERSONAL NAME | |
| Relator term | Autore musica |
| 9 (RLIN) | 33829 |
| 100 ## - MAIN ENTRY--PERSONAL NAME | |
| Miscellaneous information | Codice autore musica SPICS: 12000 |
| 9 (RLIN) | 796 |
| 245 ## - TITLE STATEMENT | |
| Title | Joe Henderson In 'N' Around |
| 250 ## - EDITION STATEMENT | |
| Edition statement | 1a ed. |
| 260 ## - PUBLICATION, DISTRIBUTION, ETC. (IMPRINT) | |
| Place of publication, distribution, etc. | MILANO |
| 260 ## - PUBLICATION, DISTRIBUTION, ETC. (IMPRINT) | |
| Name of publisher, distributor, etc. | HACHETTE RUSCONI |
| Date of publication, distribution, etc. | 2005 [1a Ed.:2005 - Ed. Lingua Orig.: 2005] |
| 300 ## - PHYSICAL DESCRIPTION | |
| Extent | COMPACT DISC |
| 300 ## - PHYSICAL DESCRIPTION | |
| Dimensions | 74 minuti (Testo: 0 pag.) |
| 500 ## - GENERAL NOTE | |
| General note | Musica jazz. |
| 505 ## - FORMATTED CONTENTS NOTE | |
| Formatted contents note | Visa (Charlie Parker, 9:58) - All the Things You Are (J. Kern, O. Hammerstein II, 13:45) - Rue Chaptal Royal Roost (K. Dorham, K. Clarke, Genova luglio 1987, 7:59) - Recorda me (J. Henderson, Milano luglio 1990, 3:16) - The Kicker (J. Henderson, New York agosto 1999, 3:28) - Inner Urge (J. Henderson, Boston ottobre 1989, 12:56) - Afro Centric (J. Henderson, New York marzo 2003, 6:46) - Out of the Night (J. Henderson, Bari settembre 2002, 6:11) - Mode For Joe (C. Walton, Napoli agosto 1996, 8:44). |
| 511 ## - PARTICIPANT OR PERFORMER NOTE | |
| Participant or performer note | C. Haden, A. Foster, F. Morgera, J. Jackson, J.D. Allen, B. Ware |
| 650 ## - SUBJECT ADDED ENTRY--TOPICAL TERM | |
| Topical term or geographic name as entry element | JAZZ [COMPACT DISC] |
| Relator term | Codice MATERIA SPICS: 9949 |
| 9 (RLIN) | 11822 |
| 700 ## - ADDED ENTRY--PERSONAL NAME | |
| Personal name | AA.VV. |
| Miscellaneous information | Codice interprete SPICS: 12000 |
| Relator term | Interprete |
| 9 (RLIN) | 33830 |
| 942 ## - ADDED ENTRY ELEMENTS (KOHA) | |
| Koha item type | CD AUDIO |
| Source of classification or shelving scheme | Dewey Decimal Classification |
| Withdrawn status | Lost status | Damaged status | Not for loan | Home library | Current library | Date acquired | Total Checkouts | Full call number | Date last seen | Price effective from | Koha item type | Public note |
|---|---|---|---|---|---|---|---|---|---|---|---|---|
| Buone Condizioni | Not For Loan | SPICS-MEDIATECA | SPICS-MEDIATECA | 25/10/2013 | L1977 | 25/10/2013 | 25/10/2013 | CD AUDIO | Progr. Ins.: 23115 / N.Vol.: 1 / Copie: 1 - Copia rara: n.d. / date import: 01.01.2014 - By Epidotti, Trombetti, Vaglietti |